000 00618nam a2200229 i 4500
001 C2-0282407
003 PPAK
005 20180728012753.0
008 071007s1994 nyua|||| ||||| | eng d
020 _a0590494740
040 _aPPAK
_beng
_cPPAK
_erda
082 0 4 _a822
_223
090 0 0 _a822
_bFAM
_dRLCK
245 0 0 _aFamous Americans :
_b22 short plays for the classroom
264 1 _aNew York :
_bScholastic ,
_c1994
300 _a199 pages :
_billustrations ;
_c28 cm
336 _2rdacontent
_atext
337 _2rdamedia
_aunmediated
338 _2rdacarrier
_avolume
650 1 0 _aDrama
942 _ddc
_cB
999 _c88660
_d88660